Averting housing chaos (Record no. 61859)
[ view plain ]
| 000 -LEADER | |
|---|---|
| fixed length control field | 00990cam a2200205 4500 |
| 001 - CONTROL NUMBER | |
| control field | WB3547-19 |
| 008 - FIXED-LENGTH DATA ELEMENTS--GENERAL INFORMATION | |
| fixed length control field | 000000n1999 000 0 eng u |
| 035 ## - SYSTEM CONTROL NUMBER | |
| System control number | (Sirsi) u102957 |
| 245 ## - TITLE STATEMENT | |
| Title | Averting housing chaos |
| 260 ## - PUBLICATION, DISTRIBUTION, ETC. | |
| Date of publication, distribution, etc. | 1999 |
| 490 ## - SERIES STATEMENT | |
| Series statement | Building Homes |
| Volume/sequential designation | December 1999, 8(1) |
| 520 ## - SUMMARY, ETC. | |
| Summary, etc. | Research to be published at the launch of the RICS Research Foundation sets out three scenarios for the impact of government policy on housing up to 2020 set against general market sentiment of 'managed uncertainty'. These are: a macro-economic climate of low inflation increasing risks of borrowing; low-income growth slowing house prices; changing job patterns increasing uncertainty over commitment to mortgages in part offset by the invention of more flexible loans. |
| 590 ## - LOCAL NOTE (RLIN) | |
| Local note | WB |
| 650 ## - SUBJECT ADDED ENTRY--TOPICAL TERM | |
| Topical term or geographic name entry element | ABOUT RICS-RELATED ORGANISATIONS-RICS RESEARCH FOUNDATION |
| 650 ## - SUBJECT ADDED ENTRY--TOPICAL TERM | |
| Topical term or geographic name entry element | GOVERNMENT POLICY |
| 650 ## - SUBJECT ADDED ENTRY--TOPICAL TERM | |
| Topical term or geographic name entry element | HOUSING MARKET |
| 650 ## - SUBJECT ADDED ENTRY--TOPICAL TERM | |
| Topical term or geographic name entry element | UNCERTAINTY |
| 690 ## - LOCAL SUBJECT ADDED ENTRY--TOPICAL TERM (OCLC, RLIN) | |
| Topical term or geographic name as entry element | HOUSING |
| 942 ## - ADDED ENTRY ELEMENTS (KOHA) | |
| Suppress in OPAC | 0 |
| Withdrawn status | Lost status | Source of classification or shelving scheme | Damaged status | Not for loan | Home library | Current library | Shelving location | Date acquired | Total Checkouts | Full call number | Barcode | Date last seen | Copy number | Price effective from | Koha item type |
|---|---|---|---|---|---|---|---|---|---|---|---|---|---|---|---|
| Dewey Decimal Classification | London | London | News article | 01/12/1999 | WB3547-19 | 102957-1001 | 06/08/2019 | 1 | 06/08/2019 | News article |